[Event "Fredrikstad CC-ch"]
[Site "Fredrikstad"]
[Date "2003.05.07"]
[Round "11"]
[White "Larsen, Gerry"]
[Black "Loeken, Per"]
[Result "1-0"]
[WhiteElo "1052"]
[BlackElo "888"]
[PlyCount "38"]
[EventDate "2003.01.??"]
[EventType "swiss"]
[EventRounds "11"]
[EventCountry "NOR"]
[SourceTitle "EXT 2005"]
[Source "ChessBase"]
[SourceDate "2004.11.15"]
[SourceVersion "1"]
[SourceVersionDate "2004.11.15"]
[SourceQuality "1"]

1. d4 Nf6 2. c4 e6 3. Nf3 Bb4+ 4. Bd2 c5 5. Bxb4 cxb4 6. g3 0-0 7. Bg2 Nc6 8. Nbd2 Qb6 9. c5 Qd8 10. Nc4 Ne8 11. 0-0 d5 12. Nce5 b6 13. Nxc6 Qc7 14. Nxb4 bxc5 15. dxc5 Qxc5 16. Nd3 Qb6 17. b3 Ba6 18. Nfe5 Qc7 19. Rc1 Qd6 1-0

[Event "Fredrikstad CC-ch"]
[Site "Fredrikstad"]
[Date "2003.02.12"]
[Round "4"]
[White "Midtgaard, Andre L"]
[Black "Loeken, Per"]
[Result "0-1"]
[WhiteElo "917"]
[BlackElo "888"]
[PlyCount "50"]
[EventDate "2003.01.??"]
[EventType "swiss"]
[EventRounds "11"]
[EventCountry "NOR"]
[SourceTitle "EXT 2005"]
[Source "ChessBase"]
[SourceDate "2004.11.15"]
[SourceVersion "1"]
[SourceVersionDate "2004.11.15"]
[SourceQuality "1"]

1. e4 c5 2. Nc3 Nc6 3. g3 d6 4. Bg2 Nf6 5. d3 g6 6. Nf3 Bg7 7. 0-0 0-0 8. b3 Bg4 9. Qd2 Qd7 10. Nd5 Nxd5 11. exd5 Bxa1 12. dxc6 bxc6 13. c3 Qf5 14. Nh4 Qf6 15. Bb2 Bxb2 16. Qxb2 g5 17. f3 Be6 18. Qf2 gxh4 19. gxh4 Kh8 20. f4 Rg8 21. Kh1 Bd5 22. Bxd5 cxd5 23. b4 Qf5 24. Qb2 c4 25. dxc4 Qe4+ 0-1